ENGINEERING MECHANICS (Record no. 931)

MARC details
000 -LEADER
Fixed length control field 00460nam a2200169 4500
003 - CONTROL NUMBER IDENTIFIER
Control field SEACOMEC
005 - DATE AND TIME OF LATEST TRANSACTION
Control field 20240426114644.0
008 - FIXED-LENGTH DATA ELEMENTS--GENERAL INFORMATION
Fixed length control field 240426b |||||||| |||| 00| 0 eng d
020 ## - INTERNATIONAL STANDARD BOOK NUMBER / ISBN
International Standard Book Number 8173715432
Price 220.00
040 ## - CATALOGING SOURCE
Original cataloging agency SEACOMEC
082 ## - DEWEY DECIMAL CLASSIFICATION NUMBER
Classification number 620.1
Book Number R215
100 ## - MAIN ENTRY--PERSONAL NAME
Personal name SESHAGIRI RAO MV
245 1# - TITLE STATEMENT
Title ENGINEERING MECHANICS
Statement of responsibility MV seshagiri Rao DURGAIAH D Rama
260 ## - IMPRINT
Place of publication Hyderabad
Name of publisher University Press
Date of publication 2005
650 ## - SUBJECT ADDED ENTRY--TOPICAL TERM
Topical term ENGINEERING MECHANICS
942 ## - ADDED ENTRY ELEMENTS (KOHA)
Koha item type Books
Holdings
Withdrawn status Lost status Source of classification Damaged status Not for loan Home library Current library Date acquired Total Checkouts Call number Accession number Date last seen Price effective from Koha item type Copy number
    Dewey Decimal Classification     SEACOM ENGINEERING COLLEGE SEACOM ENGINEERING COLLEGE 13/06/2006   620.1 R215 3700 26/04/2024 26/04/2024 Books  
    Dewey Decimal Classification     SEACOM ENGINEERING COLLEGE SEACOM ENGINEERING COLLEGE 13/06/2006   620.1 R215 3701 26/04/2024 26/04/2024 Books 1
    Dewey Decimal Classification     SEACOM ENGINEERING COLLEGE SEACOM ENGINEERING COLLEGE 13/06/2006   620.1 R215 3702 26/04/2024 26/04/2024 Books 2
    Dewey Decimal Classification     SEACOM ENGINEERING COLLEGE SEACOM ENGINEERING COLLEGE 13/06/2006   620.1 R215 3703 26/04/2024 26/04/2024 Books 3
    Dewey Decimal Classification     SEACOM ENGINEERING COLLEGE SEACOM ENGINEERING COLLEGE 13/06/2006   620.1 R215 3704 26/04/2024 26/04/2024 Books 4
    Dewey Decimal Classification     SEACOM ENGINEERING COLLEGE SEACOM ENGINEERING COLLEGE 13/06/2006   620.1 R215 3705 26/04/2024 26/04/2024 Books 5
    Dewey Decimal Classification     SEACOM ENGINEERING COLLEGE SEACOM ENGINEERING COLLEGE 13/06/2006   620.1 R215 3706 26/04/2024 26/04/2024 Books 6
    Dewey Decimal Classification     SEACOM ENGINEERING COLLEGE SEACOM ENGINEERING COLLEGE 13/06/2006   620.1 R215 3707 26/04/2024 26/04/2024 Books 7
    Dewey Decimal Classification     SEACOM ENGINEERING COLLEGE SEACOM ENGINEERING COLLEGE 13/06/2006   620.1 R215 3708 26/04/2024 26/04/2024 Books 8
    Dewey Decimal Classification     SEACOM ENGINEERING COLLEGE SEACOM ENGINEERING COLLEGE 13/06/2006   620.1 R215 3709 26/04/2024 26/04/2024 Books 9
© Seacom Engineering College, All rights reserved.      Powered by Koha